Ciudades en latín - Estadísticas

Estadísticas generales
  • Esta prueba ha sido intentada 115 veces
  • La puntuación promedio es 4 de 10
Estadísticas de respuestas
Nombre antiguo Nombre actual % Correcto
Londinium Londres
94%
Hispalis Sevilla
79%
Geneva Ginebra
69%
Helmantica Salamanca
55%
Pompaelo Pamplona
38%
Mediolanum Milán
35%
Camaracum Cambrai
6%
Aquae Sextiae Aix
5%
Condate Rennes
5%
Nemessos Clermont-Ferrand
3%
No se encontraron pruebas coincidentes
Distribución de puntuación
Porcentaje de gente con cada puntuación
Porcentaje por número respondido
Historial de tus puntuaciones
No has intentado esta prueba.